Statistics for Cricketers who have scored 10 000 or more Test runs

Click here to take the quiz!

General Stats

  • This quiz has been taken 79 times
  • The average score is 10 of 12

Answer Stats

#RunsTeamBatsman% Correct
213 378AustraliaRicky Ponting
95%
115 921IndiaSachin Tendulkar
95%
1210 042EnglandAlastair Cook
93%
611 953West IndiesBrian Lara
92%
413 288IndiaRahul Dravid
91%
313 289South AfricaJacques Kallis
89%
512 400Sri LankaKumar Sangakkara
82%
711 867West IndiesShivnarine Chanderpaul
80%
1110 122IndiaSunil Gavaskar
77%
911 174AustraliaAllan Border
76%
1010 927AustraliaSteve Waugh
76%
811 814Sri LankaMahela Jayawardene
74%

Score Distribution

Percentile by Number Answered

Percent of People with Each Score

Your Score History

You have not taken this quiz